Fluidná technológia ako opatrenie ku zvýšeniu hospodárnosti spaľovania tuhých palív

Bibliographic Details
Main Author: Malík, Stanislav (Author)
Format: Article
Language:Slovak
PhysicalDescription:Obr. 5.
Subjects:

MARC

LEADER 00000nab a2200000 a 4500
001 vtls000376182
003 SK-MaSNL
005 20260303172008.0
008 111202c1988 xo 0 slo
015 |a SNBRA19rr/mm-uuuuu 
035 |a CL0376304 
040 |a SNKBUCL  |b slo  |c SNKBUCL  |e AACR2 
041 0 |a slo 
044 |a xo  |c SK 
080 |a 662.611:662.62:662.93  |2 1981 
080 |a 662.62  |2 1981 
080 |a 662.93  |2 1981 
100 1 |a Malík, Stanislav  |4 aut  |9 9592 
245 1 0 |a Fluidná technológia ako opatrenie ku zvýšeniu hospodárnosti spaľovania tuhých palív  |c Stanislav Malík 
300 |b Obr. 5. 
650 0 7 |a tuhé palivá  |2 snkbucl  |9 50879 
650 0 7 |a fluidné spaľovanie  |2 snkbucl  |9 179740 
655 7 |a články zo zborníkov  |2 snkbucl  |9 166140 
773 0 |t Seminár tepelných technikov  |d Bratislava : Dom techniky ČSVTS, 1988  |g S. 5-10 
850 |a Slovenská národná knižnica v Martine  |a MTA001 
852 |a SNK  |b KIS3GCP 
958 |a RK 
992 |a RZB 
999 |c 2084413  |d 2086343